000 00486cam a2200193ua 4500
001 5607
005 20260515113919.0
008 131005n ii |||gr||||Z||||||asm
040 _cMAIN
082 _a954.162
245 1 1 _aSadiyar Buronji
_cBy Bhabananda Burhagohayi
250 _a1st ed.
260 _aGuwahati:
_bAsom Prakasan Parishad,
_c1983.
300 _ax,95.00.
653 _aHistory
653 _aSadiyar Buronji
700 1 _aBurhagohayi,Bhabananda,
_eAuthor.,
942 _cBK
999 _c4764
_d4764